Dolor país, versión Venezuela : las protestas de 2017 y sus secuelas /
Gorde:
| Egile nagusia: | |
|---|---|
| Formatua: | Liburua |
| Hizkuntza: | Spanish |
| Etiketak: |
Etiketa erantsi
Etiketarik gabe, Izan zaitez lehena erregistro honi etiketa jartzen!
|
MARC
| LEADER | 00000nam a22000007a 4500 | ||
|---|---|---|---|
| 003 | cru CIDCACS/IIS | ||
| 005 | 20180524144700.0 | ||
| 007 | ta | ||
| 008 | 180523s2018 ag |||p|r||||||0| ||spa|d | ||
| 999 | |c 41459 |d 41459 | ||
| 040 | |c cru CIDCACS/IIS | ||
| 100 | 1 | |9 7253 |a Llorens, Manuel | |
| 245 | 1 | |a Dolor país, versión Venezuela : |b las protestas de 2017 y sus secuelas / |c Manuel Llorens | |
| 300 | |a páginas 71-82 | ||
| 773 | 0 | |0 19022 |9 2032 |a Fundación Friedrich Ebert |d Fundación Friedrich Ebert; Nueva Sociedad |o 18799 |t Nueva Sociedad / | |
| 942 | |2 ddc |c PP | ||
